000 00456nam a2200181Ia 4500
001 14757
005 20260306164937.0
008 260306t2007||||xx |||||||||||||| ||spa||
041 _aESP
082 _a519.2
_bH43
100 _aHernández, Víctor
_eAUT
245 0 _aProbabilidad y sus aplicaciones en ingeniería informática
260 _c2007
300 _a347 páginas :
_c24 cm.
650 _aGEN
654 _aCII
942 _cLIB
_dJUS
_fJUS
_2ddc
_n
999 _c14757
_d14757